000 00521nam a2200145 a 4500
008 120416s1982 ||||||||||||||||| || u
050 _aHF 5726 Bru
100 _aOliu, Walter E
245 1 4 _aThe business writer's handbook, 1982.
260 _aNew York
_bSt. Martin's P
_c1982
300 _axxxii, 652p. : ill.
350 _a0.00
700 _aBrusaw, Charles T
995 _D0.00
_FCBU-MAIN LIBRARY (Kitwe)
_H1
_I0.00
_M1
_UAVAILABLE
_ZMain Library Open Access Collection
999 _c36546
_d36546